| 000 | 00847nam a22002297a 4500 | ||
|---|---|---|---|
| 999 |
_c13907 _d13907 |
||
| 003 | AR-CdUCM | ||
| 008 | 190416b ||||| |||| 00| 0 spa d | ||
| 020 | _a978-9972-244-98-8 | ||
| 040 |
_aMUNICIPALIDAD PROVINCIAL DEL CUSCO _cBIBLIOTECA MUNICIPAL DEL CUSCO |
||
| 082 |
_aEP / 803 / _bSA18 |
||
| 100 |
_aSalazar, Elízabeth _932515 |
||
| 245 | _aMiércoles de todos los días / | ||
| 260 |
_aColombia : _bGrupo editorial Norma, _c2007. |
||
| 300 |
_a66 paginas ; _c19 cm. |
||
| 440 |
_aColección torre de papel amarilla. _932498 |
||
| 505 | _aContenido :Las Marías -- El niño fenómeno -- Miércoles de todos los días -- Serafín -- Los chicos del parque ... | ||
| 650 |
_aCuentos _9217 |
||
| 650 |
_aHistorietas _910786 |
||
| 700 |
_aRavassa G., María del Mar (traducción) _932499 |
||
| 942 |
_2ddc _cLIBROS |
||
| 945 |
_arum _d2019-04-16 |
||